| 000 | 01292cam a2200157 4500500 | ||
|---|---|---|---|
| 005 | 20260208001126.0 | ||
| 041 | _afre | ||
| 042 | _adc | ||
| 100 | 1 | 0 |
_aLantz, Pierre _eauthor |
| 245 | 0 | 0 | _aNi tribun, ni sauveur suprême |
| 260 | _c2003. | ||
| 500 | _a2 | ||
| 520 | _aPreviously, “matérialisme” attracted those who attempted to extend to scientific knowledge and even to political action the methods that seemed to have proved fruitful in physics and chemistry. The belief in human progress through the accumulation of scientific understanding tended to ignore certain grey areas, such the ambiguities of the notion that assigns to matter the characteristics that classical science attributes to nature. Contemporary scientific practice and philosophical reflection has rediscovered, through a consideration of contingency, the infinite variety of material processes. Knowledge of determinations is thus no longer confused with the unfounded affirmation of inexorable necessity. Materialism can escape the limits of progressivism and open the way to a philosophy of liberty. | ||
| 786 | 0 | _nL'Homme & la Société | 150-151 | 4 | 2003-11-01 | p. 13-46 | 0018-4306 | |
| 856 | 4 | 1 | _uhttps://shs.cairn.info/revue-l-homme-et-la-societe-2003-4-page-13?lang=fr&redirect-ssocas=7080 |
| 999 |
_c1644416 _d1644416 |
||